000 01237nac a22002171u 4500
008 090628t xxu||||| |||| 00| 0 eng d
020 _a8174090649
082 _a665 .12
_bPRA
100 _aPrasad ,Ram.
_97074
245 _aPetroleum Refining Technology /
_cRam Parsad.
260 _aDelhi:
_bKhanna Publishers,
_cc2006.
300 _axii, 402p.;
_c24cm.
_bill.;
504 _aIncludes bibliographical references and index.
650 _aPetroleum.
_97075
700 _aRam Parsad.
_97076
942 _cBB
_k665 .12PRA
_2ddc
999 _c2914
_d2914